000 01090nam a2200229Ia 4500
001 L264-28398
003 IT-CnALBA
008 170116s9999||||xx |||||||||||||| ||und||
040 _aIT-CnALBA
_cIT-CnALBA
041 _aBILINGUE
100 _aCUVA ARMANDO, SALESIANO
245 0 _aIL NUOVO RITO DELLA MESSA.
250 _a1a ed.
260 _a ZURICH - SCHWEIZ
_bPAS VERLAG, EDITORE.
_c1970 [1° Ed.:1970 - Ed.Ling.Originale: 1970]
300 _a438 p.
500 _aNUOVO RITO SANTA MESSA. LEZIONI BIBLICHE. OMELIA. OFFERTORIO. LA PREGHIERA EUCARISTICA: TESTO LATINO ITALIANO. ISATRUZIONE MESSARE ROMANO. ARREDAMENTO DELLA CHIESA PER LA CELEBRAZIONE EUCARISTICA.
501 _aSocietà San Paolo EM - Piazza San Paolo, 14 - 12051 ALBA (CN) (non commercial uses only) ® Copyright 2017
520 _aNUOVO RITO SANTA MESSA. LEZIONI BIBLICHE. OMELIA. OFFERTORIO. LA PREGHIERA EUCARISTICA: TESTO LATINO ITALIANO. ISATRUZIONE MESSARE ROMANO. ARREDAMENTO DELLA CHIESA PER LA CELEBRAZIONE EUCARISTICA.
650 _aCULTO PUBBLICO LITURGIA
942 _cBK
957 _71
999 _a33167
_bNO
_g Copie: 1
_c287347
_d287347